Capitals of Countries with Limited Recognition/Territories - Statistics

General Stats
  • This quiz has been taken 8 times
  • The average score is 7 of 13
Answer Stats
Country Answer % Correct
Greenland Nuuk
100%
Puerto Rico San Juan
86%
Tansnistria Tiraspol
86%
Somaliland Hargeisa
71%
Tibet Lhasa
71%
Kurdistan Erbil
57%
Faroe Islands Tórshavn
57%
Western Sahara Laayoune
43%
Abkhazia Sokhumi
43%
Dagestan Makhachkala
29%
Aaland Islands Mariehamn
29%
South Ossetia Tskhinvali
29%
Puntland Garowe City
14%
No matching quizzes found
Score Distribution
Percent of People with Each Score
Percentile by Number Answered
Your Score History
You have not taken this quiz